000 00826nam a2200217 i 4500
001 155175
003 ES-MaACL
005 20251015150358.0
008 981207m18691878fr |||| | fre d
040 _aCCPB | B
_bspa
_cCCPB | B
100 1 _aHefele, Karl Joseph von,
_d1809-1893
_962309
245 1 0 _aHistoire des conciles d´après les documents originaux /
_cpar Charles-Joseph Héfélé ; traduit de l´allemand par Goschler et Delarc.
260 _aParis :
_bAdrien le Clere et C\pie\s, Libraires-Éditeurs,
_c1869-1878.
300 _a12 v. ;
_c22 cm.
650 _aConcilios y sínodos ecuménicos-
_vHistoria.
_911247
700 1 _aGoschler, Isidore,
_d1804-1866
_9127488
700 1 _aDelarc.
_9126735
852 _aES-MaACL
_jB-622-33
_z-- Enc. hol.
999 _c155175
_d155175